00488nam a22001577a 450000500170000001000150001702000260003203500130005803700130007108200120008410000190009624500650011526000420018027000870022230000210030920131219114258.0 aENG-108906 a9789381142875c950.00 aEN-92439 bDBAD/PUB a370.954 a Pulla Rao, D. aDevelopment of school education in India /cby D. Pulla Rao  aNew DelhibManglam Publicationsc2013 aK-129 Gali No.3 Near Shiv Om Jwelers 3-1/2 Pusta Gautam Vihar bNew Delhie110053 a285p. c22cm(Hb)